000 00621nam a22002057a 4500
007 00
008 160616b xxu||||| |||| 00| 0 eng d
020 _a2-7462-1137-8
040 _aBUAC
_cBUC
041 _aFre.
100 _aCalé,Stéphane
245 _aLa gestion de projets télécoms
_c/ par Stéphane Calé
260 _aParis :
_bLavoisier,
_c2005
300 _a231 p.
_c23 cm .
440 _a(Collection management et informatique)
_pdirigée par Nicolas Manson
521 _aCompr. Annexe 1 - 4 pp. (194 - 231)
630 _aSCIENCES APPLIQUEES
650 _2Télécommunication : gestion
942 _cLIV
999 _c54593
_d54593